LEADER 00874nam a2200205 4500 001 000000337656 003 CaOOAMICUS 005 20220321125511.0 008 191031s1811 au a 000 u ger r 040 $aSeMil$bita 100 11$aWilhelm, Gottlieb Tobias,$d<1758-1811>.$0(OLS)http://semarc/name/110438 245 00$a2. Theil. 264 1$aWien :$bgedruckt auf Kosten des Herausgebers,$c1811. 300 $a424 p., LII carte di tav. :$bill. color. ;$c8° 773 0 $tDer Insecten 1. [-3. Theil].$dWien : gedruckt auf Kosten des Herausgebers, 1810-1811.$w()337653 850 $aSeMil 852 $aSeMil$W1$xVenegono$y1$m3XD VII 26 FA$j217151$B229213$CSeMilBibl$Z2$F229213 $8I 996 $6245$a2. Theil$9(OLS)http://semarc/title/117250 996 $6264$aWien :$bgedruckt auf Kosten des Herausgebers$9(OLS)http://semarc/publisher/58664 LEADER 00930nam a2200241 i 4500 001 000000227120 003 CaOOAMICUS 005 20140213000000.0 008 140213s1978 it u000 u ita u 013 $a206022 040 $aSeMil$bita 100 1 $aSaviane, Caterina.$0(OLS)http://semarc/name/78762 245 10$aOre perse :$bvivere a sedici anni /$cCaterina Saviane. 260 $aMilano :$bFeltrinelli,$c1978. 300 $a151 p. ;$c19 cm. 490 0 $aFranchi narratori ;$v27 650 4$aAdolescenti.$0(OLS)http://semarc/subject/2711 830 0$aFranchi narratori ;$v27.$0(OLS)http://semarc/title/27751 850 $aSeMil 852 $aSeMil$W1$xVenegono$y1$m1A II 52$j177466$B177466$CSeMilBibl$Z2$F189287 $81 961 $aOmaggio: Ferrario mons. Emilio 996 $6245$aOre perse :$bvivere a sedici anni$9(OLS)http://semarc/title/325129 996 $6260$aMilano :$bFeltrinelli$9(OLS)http://semarc/publisher/30237